|
|
|
|
| LEADER |
00000nab a2200000 a 4500 |
| 001 |
vtls001491424 |
| 003 |
SK-MaSNL |
| 005 |
20260304144900.0 |
| 008 |
250505c2004 xo mr|p|||||||000 b|slo |
| 015 |
|
|
|a SNBRB2005/01
|2 snkbucl
|
| 035 |
|
|
|a (uuid)c9dd04d4-2755-4275-b425-d0da4936d280
|
| 035 |
|
|
|a urn:nbn:sk:snk-abu1s
|
| 035 |
|
|
|a (urnnbn)urn:nbn:sk:snk:ar-a04l36
|
| 038 |
|
|
|a SNKBUCL
|
| 040 |
|
|
|a SNKBUCL
|b slo
|c SNKBUCL
|e AACR2
|
| 041 |
0 |
|
|a slo
|
| 044 |
|
|
|a xo
|c SK
|
| 080 |
|
|
|a 633.2/.3:631.559
|2 1997
|
| 080 |
|
|
|a 631.559
|2 1997
|
| 100 |
1 |
|
|a Tišliar, Elemír,
|d 1942-
|4 aut
|9 113461
|
| 245 |
1 |
0 |
|a Možnosti a predpoklady zlepšovania úrodnosti TTP
|c Elemír Tišliar, Emília Citarová ; recenzoval P. Jamriška
|
| 300 |
|
|
|b Fotogr., tab.
|
| 650 |
0 |
7 |
|a trvalé trávne porasty
|2 snkbucl
|9 28854
|
| 650 |
0 |
7 |
|a ďatelinotrávne miešanky
|2 snkbucl
|9 70828
|
| 650 |
0 |
7 |
|a úroda
|2 snkbucl
|9 506412
|
| 650 |
0 |
7 |
|a nutričná hodnota krmív
|2 snkbucl
|9 29430
|
| 700 |
1 |
|
|a Citarová, Emília
|4 aut
|9 530404
|
| 700 |
1 |
|
|a Jamriška, P.
|4 rev
|9 791157
|
| 773 |
0 |
|
|t Naše pole
|g Roč. 8, č. 10 (2004), s. 30-31
|x 1335-2466
|
| 850 |
|
|
|a Slovenská národná knižnica
|
| 852 |
|
|
|a Slovenská národná knižnica
|
| 954 |
|
|
|a odborná, vedecká literatúra pôvodná (slovenská)
|2 lita
|
| 958 |
|
|
|a article27
|
| 958 |
|
|
|a OND
|
| 958 |
|
|
|a EUIPO
|
| 999 |
|
|
|c 2933749
|d 2935679
|